Violin Parts 2023 UPDATED - Statistics

General Stats
  • This quiz has been taken 33 times
  • The average score is 7 of 10
Answer Stats
Hint Answer % Correct
Small wooden piece that supports the strings Bridge
93%
Board where your fingers go Fingerboard
93%
Where you rest your chin Chinrest
86%
Holes shaped like a cursive f F-Hole
79%
Smaller screw knobs (There are 4 of them) Fine Tuner
75%
Curly part Scroll
75%
Mushroom shaped knobs (There are 4 of them) Tuning Peg
68%
Small stick inside violin body Sound Post
57%
Bottem funnel shaped part holding strings Tailpiece
36%
Wood box holding the knobs Peg box
32%
No matching quizzes found
Score Distribution
Percent of People with Each Score
Percentile by Number Answered
Your Score History
You have not taken this quiz